Online
Catalog

Una filosofía de la educación / (Record no. 24671)

MARC details
000 -CABECERA
campo de control de longitud fija 00979nam a2200241 a 4500
001 - NÚMERO DE CONTROL
campo de control 000025178
005 - FECHA Y HORA DE LA ÚLTIMA TRANSACCIÓN
campo de control 20200930023617.0
008 - DATOS DE LONGITUD FIJA--INFORMACIÓN GENERAL
campo de control de longitud fija 110210s1966 mx r 001 0 spa d
040 ## - FUENTE DE LA CATALOGACIÓN
Centro catalogador/agencia de origen DO-SdBNP
Lengua de catalogación spa
Centro/agencia transcriptor BNPHU
082 ## - NÚMERO DE LA CLASIFICACIÓN DECIMAL DEWEY
Número de clasificación xxxxx
Número de documento/Ítem B875f
049 ## - FONDOS LOCALES (OCLC)
Fondos de biblioteca BNGR
100 1# - ENTRADA PRINCIPAL--NOMBRE DE PERSONA
Nombre de persona Broudy, Harry S.
9 (RLIN) 51657
245 14 - MENCIÓN DE TÍTULO
Título Una filosofía de la educación /
Mención de responsabilidad, etc. Harry S. Broudy ; traducción Rafael Castillo Dibildox.
260 ## - PUBLICACIÓN, DISTRIBUCIÓN, ETC.
Lugar de publicación, distribución, etc. México, D. F. :
Nombre del editor, distribuidor, etc. Limusa-Wiley,
Fecha de publicación, distribución, etc. 1966.
300 ## - DESCRIPCIÓN FÍSICA
Extensión 424 p. ;
Dimensiones 21.5 cm.
490 1# - MENCIÓN DE SERIE
Mención de serie El nuevo mundo
500 ## - NOTA GENERAL
Nota general En la portada: análisis sistemático y valoración crítica de problemas y métodos en la educación moderna.
500 ## - NOTA GENERAL
Nota general Incluye índice alfabético.
504 ## - NOTA DE BIBLIOGRAFÍA, ETC.
Nota de bibliografía, etc. Incluye referencias bibliográficas y notas al pie de las páginas.
534 ## - NOTA SOBRE LA VERSIÓN ORIGINAL
Encabezamiento principal del original Título origina:
Mención de título del original Building a philosophy of education,
Publicación, distribución, etc. del original 2a ed. New jersey : Prentice-Hall, 1954-1961
700 1# - PUNTO DE ACCESO ADICIONAL--NOMBRE DE PERSONA
Nombre de persona Castillo Dibildox, Rafael,
Término indicativo de función/relación tr.
9 (RLIN) 48132
830 #0 - PUNTO DE ACCESO ADICIONAL DE SERIE-TÍTULO UNIFORME
Título uniforme El nuevo mundo
9 (RLIN) 51658
Holdings
Estado de retiro Estado de pérdida Restricciones de uso No para préstamo Código de colección Localización permanente Ubicación/localización actual Ubicación en estantería Fecha de adquisición Número de inventario Total de préstamos Signatura topográfica completa Código de barras Fecha visto por última vez Precio válido a partir de Tipo de ítem Koha Número de copia
        Monografías: Libros y Folletos General General En catalogación 10.02.2011 LF1   xxxxx B875f 25178-10 25.06.2020 25.06.2020 Préstamo en sala  
      Préstamo restrigido Monografías: Libros y Folletos General General En catalogación 11.02.2011 LF1   xxxxx B875f 25178-20 25.06.2020 25.06.2020 Préstamo en sala e. 2

Powered by Koha